Ранняя сиалическая кора Земли: её состав, происхождение и возраст

מידע ביבליוגרפי
מחבר ראשי: Мишкин М. А. Михаил Афанасьевич
מחבר תאגידי: Российская академия наук Дальневосточное отделение Дальневосточный геологический институт
מחברים אחרים: Вовна Г. М. Галина Михайловна
סיכום:В монографии дано описание состава и геохимических особенностей ранней сиалической коры архейских кратонов и палеопротерозойских складчатых областей. Установлено, что раннедокембрийские магматические протолиты супракрустальных раннекоровых комплексов в гранулит-гнейсовых (метабазит-эндербитовая ассоциация) и гранит-зеленокаменных (амфиболит-плагиогнейсовая ассоциация) областях повсеместно представлены исходными андезитами и дацитами известково-щелочной серии, которым подчинены одновозрастные вулканиты коматиит-толеитовой серии. Образование раннекоровых магматических протолитов рассмотрено на основе концепции мантийных плюмов. С применением Nd-Hf и U-Pb изотопных систем современных базальтов показано изотопно-геохимическое отличие верхней мантии Тихоокеанского сегмента Земли от Индо-Атлантического, где в раннем докембрии осуществлялось сиалическое корообразование. На основе авторского банка изотопных датировок составлена схема распространения архейской и протерозойской ранней сиалической коры континентов. Книга рассчитана на специалистов, занимающихся вопросами геологии, петрологии, геохимии и геохронологии докембрия
שפה:רוסית
יצא לאור: Москва, Изд-во Московского ун-та, 2017
נושאים:
פורמט: ספר
KOHA link:https://koha.lib.tpu.ru/cgi-bin/koha/opac-detail.pl?biblionumber=368078

MARC

LEADER 00000nam0a2200000 4500
001 368078
005 20231102012040.0
010 |a 9785190112351 
035 |a (RuTPU)RU\TPU\retro\25441 
090 |a 368078 
100 |a 20220330d2017 k y0rusy50 ca 
101 0 |a rus 
102 |a RU 
105 |a a z 001zy 
200 1 |a Ранняя сиалическая кора Земли: её состав, происхождение и возраст  |f М. А. Мишкин, Г. М. Вовна  |g Российская академия наук, Дальневосточное отделение, Дальневосточный геологический институт 
210 |a Москва  |c Изд-во Московского ун-та  |d 2017 
215 |a 176 с.  |c ил. 
316 |5 63413507: КР-7621  |a На титульном листе дарственная надпись: "Глубокоуважаемому Леониду Петровичу от авторов с наилучшими пожеланиями 22.01.2020" 
317 |5 63413507: КР-7621  |a Поступил в НТБ в 2021 г. в дар от семьи профессора ТПУ Л. П. Рихванова 
320 |a Литература: с. 143-158 
330 |a В монографии дано описание состава и геохимических особенностей ранней сиалической коры архейских кратонов и палеопротерозойских складчатых областей. Установлено, что раннедокембрийские магматические протолиты супракрустальных раннекоровых комплексов в гранулит-гнейсовых (метабазит-эндербитовая ассоциация) и гранит-зеленокаменных (амфиболит-плагиогнейсовая ассоциация) областях повсеместно представлены исходными андезитами и дацитами известково-щелочной серии, которым подчинены одновозрастные вулканиты коматиит-толеитовой серии. Образование раннекоровых магматических протолитов рассмотрено на основе концепции мантийных плюмов. С применением Nd-Hf и U-Pb изотопных систем современных базальтов показано изотопно-геохимическое отличие верхней мантии Тихоокеанского сегмента Земли от Индо-Атлантического, где в раннем докембрии осуществлялось сиалическое корообразование. На основе авторского банка изотопных датировок составлена схема распространения архейской и протерозойской ранней сиалической коры континентов. Книга рассчитана на специалистов, занимающихся вопросами геологии, петрологии, геохимии и геохронологии докембрия 
606 1 |a Земная кора  |2 stltpush  |3 (RuTPU)RU\TPU\subj\11771  |9 38669 
610 1 |a Библиотека Л. П. Рихванова 
610 1 |a кратоны 
610 1 |a протолиты 
610 1 |a сиалическая кора 
610 1 |a докембрий 
610 1 |a архей 
610 1 |a палеопротерозой 
610 1 |a литолого-петрографический состав 
610 1 |a дарственные надписи 
610 1 |a дары автора 
610 1 |a дары библиотеке 
675 |a 551.1  |v 4 
700 1 |a Мишкин  |b М. А.  |g Михаил Афанасьевич 
701 1 |a Вовна  |b Г. М.  |g Галина Михайловна 
712 0 2 |a Российская академия наук  |b Дальневосточное отделение  |b Дальневосточный геологический институт  |c (Владивосток)  |2 stltpush  |3 (RuTPU)RU\TPU\col\307  |9 23336 
801 1 |a RU  |b 63413507  |c 20220330 
801 2 |a RU  |b 63413507  |c 20221006  |g RCR 
942 |c BK